Design - Driven Innovation Changing the Rules of Competition by Radically Innovating What Things Mean
Salvato in:
| Autore principale: | |
|---|---|
| Natura: | Libro |
| Lingua: | inglese |
| Pubblicazione: |
Boston
Harvard Business Review Press
2009
|
| Soggetti: | |
| Tags: |
Nessun Tag, puoi essere il primo ad aggiungerne!!
|
MARC
| LEADER | 00000nam a2200000 4500 | ||
|---|---|---|---|
| 001 | 0248741 | ||
| 005 | 20240306135621.8 | ||
| 020 | |a 978-1-4221-2482-6 | ||
| 041 | 0 | |a eng | |
| 044 | |a US | ||
| 245 | 1 | 0 | |a Design - Driven Innovation |b Changing the Rules of Competition by Radically Innovating What Things Mean |c Roberto Verganti |
| 264 | 1 | |a Boston |b Harvard Business Review Press |c 2009 | |
| 300 | |a 272 s. | ||
| 610 | 2 | 0 | |a firmy |
| 610 | 2 | 0 | |a myslenie ekonomické |
| 610 | 2 | 0 | |a inovácia |
| 610 | 2 | 0 | |a technika |
| 610 | 2 | 0 | |a produkty |
| 610 | 2 | 0 | |a investície |
| 610 | 2 | 0 | |a vízie |
| 610 | 2 | 0 | |a dizajn |
| 610 | 2 | 0 | |a stratégia podniková |
| 100 | 1 | |a Verganti, Roberto | |